000 01084nam a22002537a 4500
003 BD-DhSAU
005 20221001155729.0
008 150612b2021 bg ad||| m||| 00| 0 eng d
040 _aBD-DhSAU
082 _222
_a631.521
_bR1124
100 _aRABBI, KAZI MOHAMMAD
_eRegistration No. # 13-05503
245 _aEffect of different plant extract on yield andseed quality of country bean /
_bMS thesis
260 _aSher-e-Bangla Agricultural University,
_bInstitute of Seed Technology,
_c2021
300 _aix, 79p.
_bill. ;
_c30 cm.
500 _aMS thesis of Department of seed techonology, Faculty of Agriculture, Sher-e-Bangla Agricultural University, Dhaka, Bangladesh
504 _aIncludes bibliographical reference.
590 _anazmul
650 _aseed quality
650 _acountry bean
700 _eSuperviser
_qProf. Dr. Ayesha Akter
700 _eCo-superviser
_qProf. Dr. Md. Ismail Hossain
856 _uhttp://archive.saulibrary.edu.bd:8080/xmlui/handle/123456789/4263
942 _2ddc
_cTHESIS
999 _c16114
_d16113